| Tag |
First Indicator |
Second Indicator |
Subfields |
| LEADER |
00000cam a2200000 4500 |
| 001 |
in00000034929 |
| 005 |
20151007063444.0 |
| 008 |
720328s1964 nju 00010 eng u |
| 010 |
|
|
|a 63016234
|
| 035 |
|
|
|a (OCoLC)00271595
|
| 035 |
|
|
|9 AAD7445AM
|
| 040 |
|
|
|c WSU
|d TXA
|d UtOrBLW
|
| 049 |
|
|
|a TXAM
|c [369282]
|
| 050 |
|
0 |
|a PS1541.Z5
|b G7
|
| 092 |
|
|
|a 811
|b D553Yg
|
| 100 |
1 |
|
|a Griffith, Clark.
|
| 245 |
1 |
4 |
|a The long shadow ;
|b Emily Dickinson's tragic poetry.
|
| 264 |
|
1 |
|a Princeton, N. J. :
|b Princeton University Press,
|c 1964.
|
| 300 |
|
|
|a viii, 308 pages ;
|c 23 cm.
|
| 336 |
|
|
|a text
|b txt
|2 rdacontent
|
| 337 |
|
|
|a unmediated
|b n
|2 rdamedia
|
| 338 |
|
|
|a volume
|b nc
|2 rdacarrier
|
| 600 |
1 |
0 |
|a Dickinson, Emily,
|d 1830-1886.
|
| 740 |
0 |
|
|a Emily Dickinson's tragic poetry.
|
| 999 |
|
|
|a MARS
|
| 999 |
f |
f |
|s 4f0b7733-0dc4-3fb7-885a-39d3d308a5a4
|i 03924fed-a7f3-38dc-81c2-aa2b4ea7d3bf
|t 0
|
| 952 |
f |
f |
|p ric
|a Texas A&M University
|b Rellis Campus
|c Joint Library Facility
|d Remote Storage
|t 0
|e PS1541.Z5 G7
|h Library of Congress classification
|i unmediated -- volume
|m A14801214780
|
| 998 |
f |
f |
|a PS1541.Z5 G7
|t 0
|l Remote Storage
|